Opened mutual funds outranking from a view point of an slovak investor
Gespeichert in:
| 1. Verfasser: | |
|---|---|
| Format: | Buchkapitel |
| Sprache: | Englisch |
| Schlagworte: | |
| Tags: |
Keine Tags, Fügen Sie das erste Tag hinzu!
|
MARC
| LEADER | 00000naa$a2200000$$$4500 | ||
|---|---|---|---|
| 001 | 0022559 | ||
| 005 | 20240502071413.5 | ||
| 041 | 0 | |a eng | |
| 044 | |a SK | ||
| 245 | 1 | 0 | |a Opened mutual funds outranking from a view point of an slovak investor |c Vladimír Mlynarovič |
| 610 | 2 | 0 | |a fondy investičné |
| 610 | 2 | 0 | |a investovanie |
| 610 | 2 | 0 | |a trh finančný |
| 610 | 2 | 0 | |a metodológia |
| 610 | 2 | 0 | |a fondy peňažné |
| 610 | 2 | 0 | |a Slovensko |
| 100 | 1 | |a Mlynarovič, Vladimír | |